00413nam a2200169Ia 4500003000400000008004100004020001600045040001600061082001600077100002300093245003700116260003500153300002100188650001200209650001300221650000900234GCL140319s9999 xx 000 0 eng d a974.2020108 aGCL / cGCL04a746.14bS T1 aSHARPLES, JENNIFER10aTHAI SILK / cSHARPLES, JENNIFER a[S.N] : bPOST BOOKS ، c1999 a28 CM ؛ c179 P04aTEXTILE04aCOSTUMES04aSILK